[Event "Agneaux St Lo U16 op 20th"]
[Site "Agneaux"]
[Date "2018.07.07"]
[Round "6.4"]
[White "Ribera Veganzones, Josep Maria"]
[Black "Jucker, Elio"]
[Result "1-0"]
[WhiteElo "1822"]
[BlackElo "1669"]
[PlyCount "65"]
[EventDate "2018.07.07"]
[EventType "swiss"]
[EventRounds "9"]
[EventCountry "FRA"]
[SourceTitle "EXT 2019"]
[Source "ChessBase"]
[SourceDate "2018.10.10"]
[SourceVersion "1"]
[SourceVersionDate "2018.10.10"]
[SourceQuality "1"]

1. e4 e5 2. Nc3 Nc6 3. g3 Nf6 4. Bg2 Be7 5. d3 0-0 6. Nge2 d6 7. 0-0 a6 8. h3 Nd4 9. f4 c5 10. g4 exf4 11. Nxf4 Nd7 12. Ncd5 Ne6 13. a4 Nxf4 14. Bxf4 Nb6 15. Ne3 Bg5 16. Qf3 Bxf4 17. Qxf4 Be6 18. a5 Nc8 19. Nc4 d5 20. exd5 Bxd5 21. Qe5 Bxg2 22. Kxg2 Qe7 23. Rf5 Re8 24. Qxe7 Nxe7 25. Rxc5 Nc6 26. Rf5 Re2+ 27. Rf2 Rae8 28. Raf1 Nd4 29. c3 Nb3 30. Rxe2 Rxe2+ 31. Rf2 Rxf2+ 32. Kxf2 Kf8 33. Nd6 1-0